[Event "Stay Safe Play from Home 161"]
[Site "T#646205Emanuel Laske"]
[Date "2020.05.20"]
[Round "2"]
[White "Klari64"]
[Black "Karthikchess"]
[Result "0-1"]
[WhiteElo "2322"]
[BlackElo "2454"]
[Annotator "NA"]
[PlyCount "112"]
[EventDate "2020.05.20"]
[EventType "swiss (blitz)"]

1. d4 {[%emt 0:00:02]} d6 {[%emt 0:00:01]} 2. e4 {[%emt 0:00:01]} g6 {[%emt 0:00:01]} 3. Nc3 {[%emt 0:00:00]} Bg7 {[%emt 0:00:00]} 4. Be3 {[%emt 0:00:00]} a6 {[%emt 0:00:01]} 5. Qd2 {[%emt 0:00:00]} b5 {[%emt 0:00:01]} 6. f3 {[%emt 0:00:01]} Nd7 {[%emt 0:00:02]} 7. O-O-O {[%emt 0:00:01]} Nb6 {[%emt 0:00:01]} 8. h4 {[%emt 0:00:01]} h5 {[%emt 0:00:01]} 9. Nh3 {[%emt 0:00:01]} Nf6 {[%emt 0:00:01]} 10. Ng5 {[%emt 0:00:01]} e6 {[%emt 0:00:01]} 11. Be2 {[%emt 0:00:02]} Qe7 {[%emt 0:00:01]} 12. Qe1 {[%emt 0:00:01]} Bb7 {[%emt 0:00:01]} 13. Qf2 {[%emt 0:00:01]} Nfd7 {[%emt 0:00:01]} 14. g4 {[%emt 0:00:01]} hxg4 {[%emt 0:00:03]} 15. fxg4 {[%emt 0:00:00]} Rc8 {[%emt 0:00:01]} 16. h5 {[%emt 0:00:01]} gxh5 {[%emt 0:00:02]} 17. gxh5 {[%emt 0:00:01]} b4 {[%emt 0:00:00]} 18. Nb1 {[%emt 0:00:02]} c5 {[%emt 0:00:01]} 19. d5 {[%emt 0:00:06]} exd5 {[%emt 0:00:02]} 20. Bg4 {[%emt 0:00:02]} Na4 {[%emt 0:00:03]} 21. c3 {[%emt 0:00:11]} bxc3 {[%emt 0:00:02]} 22. b3 {[%emt 0:00:00]} Nb2 {[%emt 0:00:02]} 23. Rdf1 {[%emt 0:00:01]} Nd3+ {[%emt 0:00:01]} 24. Kc2 {[%emt 0:00:01]} Nxf2 {[%emt 0:00:00]} 25. Rxf2 {[%emt 0:00:00]} Bf6 {[%emt 0:00:02]} 26. Nh3 {[%emt 0:00:04]} Qxe4+ {[%emt 0:00:01]} 27. Kd1 {[%emt 0:00:03]} Qxb1+ {[%emt 0:00:02]} 28. Ke2 {[%emt 0:00:00]} Qc2+ {[%emt 0:00:02]} 29. Kf3 {[%emt 0:00:01]} Qe4+ {[%emt 0:00:02]} 30. Kg3 {[%emt 0:00:00]} Qxe3+ {[%emt 0:00:01]} 31. Rf3 {[%emt 0:00:00]} Be5+ {[%emt 0:00:01]} 32. Kh4 {[%emt 0:00:01]} Qe4 {[%emt 0:00:02]} 33. Rhf1 {[%emt 0:00:02]} Nf6 {[%emt 0:00:01]} 34. Rxf6 {[%emt 0:00:01]} Bxf6+ {[%emt 0:00:00]} 35. Rxf6 {[%emt 0:00:00]} Ke7 {[%emt 0:00:01]} 36. Rf4 {[%emt 0:00:01]} Qe5 {[%emt 0:00:01]} 37. Rf5 {[%emt 0:00:01]} Qd4 {[%emt 0:00:02]} 38. Rf4 {[%emt 0:00:01]} Qg7 {[%emt 0:00:01]} 39. Ng5 {[%emt 0:00:01]} Rcg8 {[%emt 0:00:01]} 40. Nf3 {[%emt 0:00:01]} Qf6+ {[%emt 0:00:01]} 41. Kg3 {[%emt 0:00:00]} Qxf4+ {[%emt 0:00:01]} 42. Kxf4 {[%emt 0:00:00]} Rxg4+ {[%emt 0:00:00]} 43. Kxg4 {[%emt 0:00:01]} d4 {[%emt 0:00:00]} 44. Ne1 {[%emt 0:00:01]} Be4 {[%emt 0:00:02]} 45. Kf4 {[%emt 0:00:00]} c2 {[%emt 0:00:00]} 46. Nxc2 {[%emt 0:00:01]} Bxc2 {[%emt 0:00:00]} 47. h6 {[%emt 0:00:00]} Rxh6 {[%emt 0:00:01]} 48. Kf3 {[%emt 0:00:00]} Re6 {[%emt 0:00:00]} 49. b4 {[%emt 0:00:01]} Bg6 {[%emt 0:00:00]} 50. bxc5 {[%emt 0:00:00]} d3 {[%emt 0:00:00]} 51. Kf4 {[%emt 0:00:00]} dxc5 {[%emt 0:00:00]} 52. Kg5 {[%emt 0:00:01]} d2 {[%emt 0:00:00]} 53. Kf4 {[%emt 0:00:00]} d1=Q {[%emt 0:00:00]} 54. Kg5 {[%emt 0:00:00]} Qd5+ {[%emt 0:00:00]} 55. Kh6 {[%emt 0:00:01]} Qh5+ {[%emt 0:00:00]} 56. Kg7 {[%emt 0:00:00]} Qh7# {[%emt 0:00:01] (Lag: Av=0.50s, max=1.0s)} 0-1

[Event "Stay Safe Play from Home 161"]
[Site "T#646205Emanuel Laske"]
[Date "2020.05.20"]
[Round "2"]
[White "Mepe_Nika"]
[Black "Haxhi Baha"]
[Result "1-0"]
[WhiteElo "2296"]
[BlackElo "1952"]
[Annotator "NA"]
[PlyCount "99"]
[EventDate "2020.05.20"]
[EventType "swiss (blitz)"]

1. e4 {[%emt 0:00:01]} e6 {[%emt 0:00:01]} 2. d4 {[%emt 0:00:01]} d5 {[%emt 0:00:00]} 3. Bd3 {[%emt 0:00:01]} Nf6 {[%emt 0:00:02]} 4. e5 {[%emt 0:00:01]} Nfd7 {[%emt 0:00:01]} 5. f4 {[%emt 0:00:00]} c5 {[%emt 0:00:00]} 6. c3 {[%emt 0:00:01]} Nc6 {[%emt 0:00:00]} 7. Nf3 {[%emt 0:00:01]} Qb6 {[%emt 0:00:01]} 8. Bc2 {[%emt 0:00:07]} cxd4 {[%emt 0:00:01]} 9. cxd4 {[%emt 0:00:01]} Bb4+ {[%emt 0:00:01]} 10. Nc3 {[%emt 0:00:01]} h6 {[%emt 0:00:04]} 11. O-O {[%emt 0:00:01]} O-O {[%emt 0:00:01]} 12. Kh1 {[%emt 0:00:01]} Ne7 {[%emt 0:00:03]} 13. Be3 {[%emt 0:00:05]} Rd8 {[%emt 0:00:04]} 14. Nh4 {[%emt 0:00:01]} Nf8 {[%emt 0:00:01]} 15. f5 {[%emt 0:00:02]} exf5 {[%emt 0:00:01]} 16. Nxf5 {[%emt 0:00:00]} Nxf5 {[%emt 0:00:04]} 17. Bxf5 {[%emt 0:00:00]} Bxf5 {[%emt 0:00:01]} 18. Rxf5 {[%emt 0:00:00]} Bxc3 {[%emt 0:00:01]} 19. bxc3 {[%emt 0:00:01]} Ne6 {[%emt 0:00:01]} 20. Rb1 {[%emt 0:00:01]} Qa6 {[%emt 0:00:03]} 21. Qg4 {[%emt 0:00:02]} Qd3 {[%emt 0:00:03]} 22. Re1 {[%emt 0:00:01]} Qxc3 {[%emt 0:00:02]} 23. Bf2 {[%emt 0:00:01]} Rac8 {[%emt 0:00:02]} 24. Rf3 {[%emt 0:00:01]} Qd2 {[%emt 0:00:01]} 25. Qf5 {[%emt 0:00:03]} Rd7 {[%emt 0:00:02]} 26. Rf1 {[%emt 0:00:01]} Rc2 {[%emt 0:00:02]} 27. Qg4 {[%emt 0:00:02]} Rdc7 {[%emt 0:00:02]} 28. Be3 {[%emt 0:00:01]} Qe2 {[%emt 0:00:03]} 29. Bxh6 {[%emt 0:00:02]} Qxg2+ {[%emt 0:00:01]} 30. Qxg2 {[%emt 0:00:01]} Rxg2 {[%emt 0:00:01]} 31. Kxg2 {[%emt 0:00:00]} gxh6 {[%emt 0:00:00]} 32. R1f2 {[%emt 0:00:01]} Nxd4 {[%emt 0:00:02]} 33. Rg3+ {[%emt 0:00:00]} Kf8 {[%emt 0:00:02]} 34. Rd2 {[%emt 0:00:00]} Ne6 {[%emt 0:00:01]} 35. Rxd5 {[%emt 0:00:01]} Rc2+ {[%emt 0:00:00]} 36. Kf1 {[%emt 0:00:00]} Ke7 {[%emt 0:00:00]} 37. Rg2 {[%emt 0:00:02]} Rc1+ {[%emt 0:00:01]} 38. Kf2 {[%emt 0:00:01]} Nf4 {[%emt 0:00:00]} 39. Rb5 {[%emt 0:00:04]} Rc2+ {[%emt 0:00:01]} 40. Kf3 {[%emt 0:00:01]} Nxg2 {[%emt 0:00:00]} 41. Rxb7+ {[%emt 0:00:00]} Ke6 {[%emt 0:00:00]} 42. Rxa7 {[%emt 0:00:00]} Nh4+ {[%emt 0:00:01]} 43. Kg4 {[%emt 0:00:01]} Ng6 {[%emt 0:00:00]} 44. Ra6+ {[%emt 0:00:00]} Kxe5 {[%emt 0:00:00]} 45. Ra5+ {[%emt 0:00:00]} Kf6 {[%emt 0:00:00]} 46. Ra6+ {[%emt 0:00:01]} Kg7 {[%emt 0:00:00]} 47. h4 {[%emt 0:00:00]} h5+ {[%emt 0:00:00]} 48. Kxh5 {[%emt 0:00:01]} Rc4 {[%emt 0:00:01]} 49. Kg5 {[%emt 0:00:02]} Rxh4 {[%emt 0:00:01]} 50. Kf5 {[%emt 0:00:00] Time '} 1-0

[Event "Stay Safe Play from Home 161"]
[Site "T#646205Emanuel Laske"]
[Date "2020.05.20"]
[Round "2"]
[White "Castlingarrocco"]
[Black "Tavares"]
[Result "1-0"]
[WhiteElo "2045"]
[BlackElo "1701"]
[Annotator "NA"]
[PlyCount "109"]
[EventDate "2020.05.20"]
[EventType "swiss (blitz)"]

1. d4 {[%emt 0:00:02]} Nf6 {[%emt 0:00:03]} 2. e3 {[%emt 0:00:00]} g6 {[%emt 0:00:00]} 3. f4 {[%emt 0:00:00]} Bg7 {[%emt 0:00:01]} 4. Nf3 {[%emt 0:00:00]} d6 {[%emt 0:00:00]} 5. Bd3 {[%emt 0:00:01]} O-O {[%emt 0:00:00]} 6. Qe2 {[%emt 0:00:00]} Nbd7 {[%emt 0:00:01]} 7. e4 {[%emt 0:00:00]} e5 {[%emt 0:00:01]} 8. fxe5 {[%emt 0:00:01]} dxe5 {[%emt 0:00:01]} 9. d5 {[%emt 0:00:00]} Nc5 {[%emt 0:00:01]} 10. Nc3 {[%emt 0:00:01]} a5 {[%emt 0:00:00]} 11. O-O {[%emt 0:00:01]} a4 {[%emt 0:00:01]} 12. a3 {[%emt 0:00:01]} Bg4 {[%emt 0:00:02]} 13. Be3 {[%emt 0:00:01]} Qe7 {[%emt 0:00:02]} 14. Bxc5 {[%emt 0:00:01]} Qxc5+ {[%emt 0:00:01]} 15. Qf2 {[%emt 0:00:01]} Qe7 {[%emt 0:00:02]} 16. h3 {[%emt 0:00:01]} Bd7 {[%emt 0:00:02]} 17. Qe2 {[%emt 0:00:01]} c6 {[%emt 0:00:02]} 18. dxc6 {[%emt 0:00:01]} Bxc6 {[%emt 0:00:00]} 19. Rad1 {[%emt 0:00:01]} Rfd8 {[%emt 0:00:01]} 20. Bc4 {[%emt 0:00:01]} Rxd1 {[%emt 0:00:02]} 21. Rxd1 {[%emt 0:00:01]} Rd8 {[%emt 0:00:00]} 22. Rxd8+ {[%emt 0:00:01]} Qxd8 {[%emt 0:00:00]} 23. Nd5 {[%emt 0:00:00]} Bxd5 {[%emt 0:00:03]} 24. exd5 {[%emt 0:00:00]} e4 {[%emt 0:00:02]} 25. Ng5 {[%emt 0:00:02]} Qb6+ {[%emt 0:00:06]} 26. Qf2 {[%emt 0:00:03]} Qxb2 {[%emt 0:00:01]} 27. d6 {[%emt 0:00:01]} Qe5 {[%emt 0:00:02]} 28. Nxf7 {[%emt 0:00:02]} Kf8 {[%emt 0:00:02]} 29. d7 {[%emt 0:00:01]} Nxd7 {[%emt 0:00:01]} 30. Ng5+ {[%emt 0:00:01]} Nf6 {[%emt 0:00:01]} 31. Nxh7+ {[%emt 0:00:02]} Ke7 {[%emt 0:00:03]} 32. Nxf6 {[%emt 0:00:01]} Bxf6 {[%emt 0:00:01]} 33. Qe3 {[%emt 0:00:00]} Qd4 {[%emt 0:00:01]} 34. Qxd4 {[%emt 0:00:01]} Bxd4+ {[%emt 0:00:00]} 35. Kf1 {[%emt 0:00:00]} e3 {[%emt 0:00:01]} 36. Ke2 {[%emt 0:00:00]} Kf6 {[%emt 0:00:01]} 37. Bb5 {[%emt 0:00:01]} Ke5 {[%emt 0:00:00]} 38. Bxa4 {[%emt 0:00:01]} b6 {[%emt 0:00:01]} 39. Bb3 {[%emt 0:00:01]} g5 {[%emt 0:00:00]} 40. Bc4 {[%emt 0:00:01]} Kf4 {[%emt 0:00:01]} 41. Bd3 {[%emt 0:00:00]} Kg3 {[%emt 0:00:00]} 42. Kf1 {[%emt 0:00:01]} Kh2 {[%emt 0:00:01]} 43. Be2 {[%emt 0:00:00]} Kg3 {[%emt 0:00:00]} 44. a4 {[%emt 0:00:01]} Kh2 {[%emt 0:00:00]} 45. c4 {[%emt 0:00:01]} Kg3 {[%emt 0:00:01]} 46. Bf3 {[%emt 0:00:01]} Bc5 {[%emt 0:00:01]} 47. Ke2 {[%emt 0:00:00]} Kf4 {[%emt 0:00:00]} 48. Bd5 {[%emt 0:00:01]} Ke5 {[%emt 0:00:00]} 49. g4 {[%emt 0:00:00]} Kd4 {[%emt 0:00:01]} 50. Kf3 {[%emt 0:00:00]} Kd3 {[%emt 0:00:01]} 51. h4 {[%emt 0:00:02]} gxh4 {[%emt 0:00:01]} 52. g5 {[%emt 0:00:01]} e2 {[%emt 0:00:00]} 53. Kg4 {[%emt 0:00:00]} e1=Q {[%emt 0:00:01]} 54. Kh5 {[%emt 0:00:00]} Qg3 {[%emt 0:00:01]} 55. g6 {[%emt 0:00:00] Time '} 1-0

[Event "Stay Safe Play from Home 161"]
[Site "T#646205Emanuel Laske"]
[Date "2020.05.20"]
[Round "2"]
[White "Weltszmerc"]
[Black "Mosti"]
[Result "0-1"]
[WhiteElo "2028"]
[BlackElo "2464"]
[Annotator "TA"]
[PlyCount "130"]
[EventDate "2020.05.20"]
[EventType "swiss (blitz)"]

{[%evp 12,130,20,18,25,17,2,5,16,12,5,17,28,13,33,0,10,10,33,21,20,19,44,3,12,0,0,0,0,0,0,0,0,0,0,0,302,-7,387,2,418,-120,-120,-120,455,40,40,34,34,34,152,152,152,152,97,69,278,0,8,8,8,8,226,8,585,576,952,928,680,663,673,658,1294,1310,1404,1302,1190,633,513,315,1202,1164,6977,6977,8133,8133,29981,29964,29961,29963,29961,29960,29942,729,29943,29949,8133,53,53,43,672,53,53,29,29989,734,29985,-29977,-29978,-29981,-29982,-29982,-29978,-29981,-29976,-29976,-29977,-29977,-29976,-29980,-29978]} 1. d4 e6 2. c4 b6 3. Nf3 Bb7 4. g3 Nf6 5. Bg2 g6 6. O-O Bg7 7. Nc3 Ne4 {E16: Queen's Indian: 4 g3 Bb7 5 Bg2 Bb4+.} 8. Qc2 Nxc3 9. Qxc3 O-O {The position is equal.} 10. Qc2 d6 {[#]} 11. e4 $146 ({Predecessor:} 11. Rd1 Nd7 12. Be3 Nf6 13. h3 Qe7 14. a4 a5 15. Nd2 Bxg2 16. Kxg2 Nd7 17. c5 bxc5 18. dxc5 {½-½ (54) Spalir,J (2392)-Jenni,F (2454) Balatonszarszo 2017}) 11... Nd7 12. Be3 e5 13. dxe5 Nxe5 14. Nxe5 dxe5 15. Rad1 Qe7 16. c5 Rfd8 17. c6 Ba6 18. Rxd8+ Rxd8 19. Rd1 Rd6 20. Rxd6 Qxd6 21. Bf1 Bxf1 22. Kxf1 Bf8 23. Kg2 a5 $2 {[%mdl 8192] [#]} (23... Qe6 $11) 24. b3 $2 (24. Bxb6 $1 $18 {[%mdl 512]} a4 (24... cxb6 25. c7) 25. Ba5) 24... Kg7 $2 {[%mdl 8192] [#]} (24... Qe6 $11 {and Black is okay.}) 25. Qc4 $2 (25. Bxb6 $1 $18 {[%mdl 512]} Qd8 (25... cxb6 26. c7) 26. Bxa5) 25... Kf6 $2 {[%mdl 8192] [#]} (25... Qd8 $11 {and Black stays safe.}) 26. Qd5 $2 ({White must play} 26. Bxb6 $1 $18 {[%mdl 512] Hoping for a4.} Bh6 (26... cxb6 27. c7) 27. Bc5) 26... Qxd5 $17 27. exd5 {[%mdl 4096] Endgame KB-KB} Bb4 $2 {[%mdl 8192] [#]} (27... Ke7 $1 $17 {and life is bright.} 28. b4 Kd6) 28. Kf3 $2 (28. Bxb6 $1 $18 {[%mdl 512]} Bd6 (28... cxb6 29. c7) 29. Bxa5) 28... Ke7 $1 $14 {[%cal Re7d6]} 29. Ke4 $1 Kd6 {And now ...f5+ would win.} 30. g4 f5+ (30... f6 $14) 31. gxf5 $16 gxf5+ 32. Kxf5 {Black must now prevent Ke4.} Kxd5 33. h4 Bc3 $2 {[#]} (33... e4 $14) 34. Bg5 $2 (34. Kg5 $1 $18) 34... Bd4 35. f3 Kxc6 36. Ke6 Kc5 $2 {[#]} (36... Kb5 $1 $11 {and Black has nothing to worry.}) 37. Bf6 $2 (37. Be7+ $1 $18 Kb5 38. a4+ Kc6 39. Bf6) 37... b5 $2 {[%mdl 8192]} (37... Kb4 $11 38. Bxe5 Bf2) 38. Bxe5 $18 c6 39. f4 Bf2 40. f5 Bxh4 41. Bf6 Bg3 42. Be7+ Kb6 43. f6 {White wants to mate with f7.} Bf4 44. f7 Bh6 45. Kd6 c5 $2 (45... Bg7 46. Bd8+ Kb7 47. Bxa5 Bf8+ 48. Ke5 b4) 46. Bd8+ Kb7 47. Kxc5 Kc8 48. Bxa5 b4 49. Kd6 Bf8+ 50. Ke6 h5 51. Bb6 h4 52. Bg1 (52. Bf2 $142 h3 53. Bg3 Kd8 54. Bd6 Bh6 55. Kf6 Kd7 56. Kg6 Ke6 57. Kxh6 Kxf7 58. Kh5) 52... h3 53. Bh2 Kb7 54. Bg3 $2 ({Only move:} 54. Kd7 $18 Bg7 55. Ke8) 54... Kc6 $14 55. Be5 Kb5 $2 {[%mdl 8192]} (55... Kc5 $14 56. Kd7 Kd5) 56. Bh2 $2 (56. Bd6 $18) 56... Kc6 57. Kf5 {Threatens to win with Ke6.} Bd6 $2 {[%mdl 8192]} (57... Kd5 $11 58. Be5 Bc5) 58. Kg4 (58. Bxd6 $142 Kxd6 59. f8=Q+ Kc6 60. Qxb4 h2 61. Qh4 Kc5 62. Ke5 Kc6 63. Qxh2) 58... Bxh2 59. Kxh3 $4 $18 {[%mdl 8192] KB-K3P} (59. f8=Q {was the only winning move.} Bd6 60. Qc8+ Kb5 61. Kxh3 Kb6 62. Kg4 Kb5 63. Kf5 Kb6 64. Ke6) 59... Bd6 {Black mates.} 60. f8=Q Bxf8 61. Kg4 Be7 62. Kf5 Kc5 63. Ke4 Bf8 64. Kd3 Bg7 65. Kc2 Kd5 {Accuracy: White = 50%, Black = 36%.} 0-1

[Event "Stay Safe Play from Home 161"]
[Site "T#646205Emanuel Laske"]
[Date "2020.05.20"]
[Round "2"]
[White "GIULIO19031975"]
[Black "Lazieri3"]
[Result "1-0"]
[WhiteElo "1760"]
[BlackElo "2127"]
[Annotator "NA"]
[PlyCount "79"]
[EventDate "2020.05.20"]
[EventType "swiss (blitz)"]

1. e4 {[%emt 0:00:01]} c6 {[%emt 0:00:00]} 2. Nf3 {[%emt 0:00:01]} d5 {[%emt 0:00:00]} 3. e5 {[%emt 0:00:00]} Bf5 {[%emt 0:00:01]} 4. d4 {[%emt 0:00:01]} e6 {[%emt 0:00:01]} 5. Bd3 {[%emt 0:00:01]} Bxd3 {[%emt 0:00:01]} 6. Qxd3 {[%emt 0:00:01]} c5 {[%emt 0:00:00]} 7. c4 {[%emt 0:00:01]} dxc4 {[%emt 0:00:01]} 8. Qxc4 {[%emt 0:00:01]} cxd4 {[%emt 0:00:01]} 9. Bf4 {[%emt 0:00:02]} Nc6 {[%emt 0:00:01]} 10. O-O {[%emt 0:00:01]} Nge7 {[%emt 0:00:02]} 11. Nbd2 {[%emt 0:00:01]} Ng6 {[%emt 0:00:02]} 12. Bg3 {[%emt 0:00:02]} Be7 {[%emt 0:00:01]} 13. Ne4 {[%emt 0:00:01]} O-O {[%emt 0:00:01]} 14. Rad1 {[%emt 0:00:01]} Qb6 {[%emt 0:00:03]} 15. a3 {[%emt 0:00:01]} Qxb2 {[%emt 0:00:01]} 16. Nd6 {[%emt 0:00:01]} Bxd6 {[%emt 0:00:02]} 17. exd6 {[%emt 0:00:01]} e5 {[%emt 0:00:01]} 18. Rb1 {[%emt 0:00:02]} Qxa3 {[%emt 0:00:01]} 19. Rxb7 {[%emt 0:00:01]} Na5 {[%emt 0:00:01]} 20. Qd5 {[%emt 0:00:01]} Nxb7 {[%emt 0:00:01]} 21. Qxb7 {[%emt 0:00:01]} Qxd6 {[%emt 0:00:03]} 22. h4 {[%emt 0:00:04]} f6 {[%emt 0:00:01]} 23. h5 {[%emt 0:00:01]} Ne7 {[%emt 0:00:04]} 24. Qb3+ {[%emt 0:00:00]} Qd5 {[%emt 0:00:03]} 25. Qd3 {[%emt 0:00:01]} a5 {[%emt 0:00:03]} 26. h6 {[%emt 0:00:01]} g6 {[%emt 0:00:02]} 27. Rc1 {[%emt 0:00:02]} Nf5 {[%emt 0:00:01]} 28. Rc7 {[%emt 0:00:02]} Nxg3 {[%emt 0:00:01]} 29. fxg3 {[%emt 0:00:01]} e4 {[%emt 0:00:02]} 30. Rg7+ {[%emt 0:00:01]} Kh8 {[%emt 0:00:01]} 31. Qa3 {[%emt 0:00:02]} Rf7 {[%emt 0:00:08]} 32. Rxf7 {[%emt 0:00:03]} Qxf7 {[%emt 0:00:00]} 33. Nxd4 {[%emt 0:00:01]} Qf8 {[%emt 0:00:00]} 34. Qa4 {[%emt 0:00:02]} Qxh6 {[%emt 0:00:01]} 35. Ne6 {[%emt 0:00:02]} Qe3+ {[%emt 0:00:01]} 36. Kh2 {[%emt 0:00:01]} Rc8 {[%emt 0:00:04]} 37. Qd7 {[%emt 0:00:02]} Qh6+ {[%emt 0:00:01]} 38. Kg1 {[%emt 0:00:01]} Rc1+ {[%emt 0:00:00]} 39. Kf2 {[%emt 0:00:01]} Qd2+ {[%emt 0:00:00]} 40. Qxd2 {[%emt 0:00:03] Time (Lag: Av=0.56s, max=0.7s)} 1-0

[Event "Stay Safe Play from Home 161"]
[Site "T#646205Emanuel Laske"]
[Date "2020.05.20"]
[Round "2"]
[White "Trotsky"]
[Black "Emresenar"]
[Result "0-1"]
[WhiteElo "1519"]
[BlackElo "1810"]
[Annotator "NA"]
[PlyCount "56"]
[EventDate "2020.05.20"]
[EventType "swiss (blitz)"]

1. d4 {[%emt 0:00:02]} b6 {[%emt 0:00:00]} 2. e3 {[%emt 0:00:00]} Bb7 {[%emt 0:00:00]} 3. c4 {[%emt 0:00:01]} g6 {[%emt 0:00:00]} 4. Nc3 {[%emt 0:00:01]} Bg7 {[%emt 0:00:00]} 5. Qc2 {[%emt 0:00:01]} e6 {[%emt 0:00:00]} 6. f3 {[%emt 0:00:00]} Ne7 {[%emt 0:00:00]} 7. Bd3 {[%emt 0:00:01]} d6 {[%emt 0:00:01]} 8. Bd2 {[%emt 0:00:01]} Nd7 {[%emt 0:00:00]} 9. h4 {[%emt 0:00:01]} c5 {[%emt 0:00:01]} 10. Nh3 {[%emt 0:00:01]} Qc7 {[%emt 0:00:02]} 11. O-O-O {[%emt 0:00:02]} cxd4 {[%emt 0:00:01]} 12. Ne4 {[%emt 0:00:01]} dxe3 {[%emt 0:00:04]} 13. Bxe3 {[%emt 0:00:01]} Bxe4 {[%emt 0:00:00]} 14. fxe4 {[%emt 0:00:07]} d5 {[%emt 0:00:01]} 15. exd5 {[%emt 0:00:02]} exd5 {[%emt 0:00:01]} 16. Kb1 {[%emt 0:00:03]} O-O {[%emt 0:00:05]} 17. Ng5 {[%emt 0:00:02]} dxc4 {[%emt 0:00:02]} 18. Bxc4 {[%emt 0:00:05]} Rac8 {[%emt 0:00:01]} 19. b3 {[%emt 0:00:03]} Ne5 {[%emt 0:00:05]} 20. Rd4 {[%emt 0:00:06]} Nxc4 {[%emt 0:00:02]} 21. Rxc4 {[%emt 0:00:02]} Qd7 {[%emt 0:00:01]} 22. h5 {[%emt 0:00:04]} Rxc4 {[%emt 0:00:02]} 23. bxc4 {[%emt 0:00:02]} Qf5 {[%emt 0:00:04]} 24. Ne4 {[%emt 0:00:06]} Qe5 {[%emt 0:00:03]} 25. Kc1 {[%emt 0:00:04]} Qa1+ {[%emt 0:00:02]} 26. Kd2 {[%emt 0:00:01]} Rd8+ {[%emt 0:00:01]} 27. Ke2 {[%emt 0:00:01]} Qe5 {[%emt 0:00:03] '} 28. hxg6 {[%emt 0:00:02]} fxg6 {[%emt 0:00:02] Âðåìÿ (Lag: Av=0.68s, max=1.3s)} 0-1

[Event "Stay Safe Play from Home 161"]
[Site "T#646205Emanuel Laske"]
[Date "2020.05.20"]
[Round "2"]
[White "UHU4"]
[Black "Toosieslide"]
[Result "0-1"]
[WhiteElo "1475"]
[BlackElo "2152"]
[Annotator "NA"]
[PlyCount "60"]
[EventDate "2020.05.20"]
[EventType "swiss (blitz)"]

1. e4 {[%emt 0:00:02]} e5 {[%emt 0:00:02]} 2. f4 {[%emt 0:00:02]} exf4 {[%emt 0:00:01]} 3. Nf3 {[%emt 0:00:01]} d5 {[%emt 0:00:01]} 4. exd5 {[%emt 0:00:03]} Nf6 {[%emt 0:00:01]} 5. Be2 {[%emt 0:00:01]} Nxd5 {[%emt 0:00:01]} 6. d4 {[%emt 0:00:01]} Be7 {[%emt 0:00:01]} 7. c3 {[%emt 0:00:02]} O-O {[%emt 0:00:01]} 8. O-O {[%emt 0:00:01]} Nc6 {[%emt 0:00:01]} 9. c4 {[%emt 0:00:01]} Nf6 {[%emt 0:00:01]} 10. Bxf4 {[%emt 0:00:02]} Bd6 {[%emt 0:00:00]} 11. Bg5 {[%emt 0:00:02]} Be7 {[%emt 0:00:01]} 12. Nc3 {[%emt 0:00:03]} Bg4 {[%emt 0:00:03]} 13. d5 {[%emt 0:00:04]} Bxf3 {[%emt 0:00:04]} 14. Bxf3 {[%emt 0:00:03]} Ne5 {[%emt 0:00:01]} 15. Be2 {[%emt 0:00:03]} h6 {[%emt 0:00:01]} 16. Bh4 {[%emt 0:00:01]} Ng6 {[%emt 0:00:01]} 17. Bg3 {[%emt 0:00:01]} Bc5+ {[%emt 0:00:02]} 18. Kh1 {[%emt 0:00:01]} Re8 {[%emt 0:00:00]} 19. a3 {[%emt 0:00:03]} Bd6 {[%emt 0:00:01]} 20. Bxd6 {[%emt 0:00:02]} cxd6 {[%emt 0:00:00]} 21. b4 {[%emt 0:00:01]} Rc8 {[%emt 0:00:01]} 22. Nb5 {[%emt 0:00:05]} a6 {[%emt 0:00:02]} 23. Nd4 {[%emt 0:00:01]} Ne5 {[%emt 0:00:02]} 24. Rc1 {[%emt 0:00:02]} Ne4 {[%emt 0:00:02]} 25. Bf3 {[%emt 0:00:02]} Nxf3 {[%emt 0:00:03]} 26. Nxf3 {[%emt 0:00:01]} b5 {[%emt 0:00:03]} 27. Qd4 {[%emt 0:00:03]} bxc4 {[%emt 0:00:02]} 28. Rxc4 {[%emt 0:00:01]} Rxc4 {[%emt 0:00:00]} 29. Qxc4 {[%emt 0:00:02]} Nf6 {[%emt 0:00:01]} 30. Qd3 {[%emt 0:00:03]} Qb6 {[%emt 0:00:02] Tiempo (Lag: Av=0.68s, max=1.3s) .} 0-1

[Event "Stay Safe Play from Home 161"]
[Site "T#646205Emanuel Laske"]
[Date "2020.05.20"]
[Round "3"]
[White "Mosti"]
[Black "Eidgenosse"]
[Result "1/2-1/2"]
[WhiteElo "2467"]
[BlackElo "2422"]
[Annotator "TA"]
[PlyCount "122"]
[EventDate "2020.05.20"]
[EventType "swiss (blitz)"]

{[%evp 17,122,10,27,19,14,4,42,38,56,20,81,0,-14,-4,0,0,0,-4,57,13,22,-66,-60,-806,117,-531,-9,-9,0,0,0,0,0,0,0,0,0,0,0,0,0,0,0,0,20,0,0,0,0,0,0,-10,-13,-19,0,-8,0,-15,0,0,0,-192,-175,-29998,-27,-104,-70,-78,-70,-93,0,-17,0,-15,0,0,29977,29978,29978,29978,29978,0,0,0,29975,29976,29976,29977,29977,29978,29978,29978,29979,0,0,0,0,0,0,0,0,0,0,0,0,0,0]} 1. d4 d6 2. Nf3 Nf6 3. g3 g6 4. Bg2 Bg7 5. O-O O-O 6. b3 Nbd7 7. Bb2 e5 8. dxe5 Ng4 9. Nbd2 Ngxe5 10. Qc1 {A49: 1 d4 Nf6 2 Nf3 g6 3 g3: Anti-King's Indian systems.} Re8 11. c4 c6 {[#]} 12. Rd1 $146 {Ne4 is the strong threat.White is slightly better.} ({Predecessor:} 12. Qc2 f5 13. e3 Nf6 14. Rfd1 Qc7 15. Rac1 Kh8 16. Nb1 Be6 17. Nc3 Rad8 18. Rd2 {1-0 (47) Simon,T (1971)-Vestrick,F (1631) Dortmund 2010}) 12... Qe7 13. Nxe5 Nxe5 (13... Bxe5 $11 14. Ne4 Nc5 15. Nxc5 Bxb2 16. Qxb2 dxc5) 14. Rb1 (14. Ne4 $16) 14... Bf5 $11 15. Be4 Bg4 16. Bf3 {White wants to play Bxe5.} Nxf3+ 17. exf3 Bh3 (17... Bf5 $11) 18. Bxg7 Kxg7 19. Re1 ({White should try} 19. Qb2+ $11 Qe5 20. Qxe5+ dxe5 21. c5) 19... Qf6 $15 20. Ne4 $2 {[%mdl 8192] [#]} (20. Qc2 $15) 20... Qd4 $2 ({Not} 20... Qxf3 21. Qc3+ Qxc3 22. Nxc3 $17) (20... Rxe4 $1 $19 {[%mdl 512]} 21. f4 (21. Rxe4 Qxf3) 21... Rae8 22. Rxe4 Rxe4) 21. Qc3 $2 {[%mdl 8192] [#]} (21. Rd1 $16 {and life is bright.} Qe5 22. Nxd6 (22. Rxd6 Rad8 $14)) 21... Qxc3 $2 (21... Rxe4 $1 $19 {[%mdl 512]} 22. Qxd4+ (22. Rxe4 Qxc3) 22... Rxd4) 22. Nxc3 $11 Bf5 23. Rbc1 Rxe1+ 24. Rxe1 {[%mdl 4096] Endgame KRB-KRN} Kf6 25. Ne4+ Bxe4 26. fxe4 {KR-KR} g5 27. f4 gxf4 28. gxf4 Rg8+ 29. Kf2 Rg4 30. Kf3 Rg7 31. e5+ dxe5 32. Rxe5 Rg1 33. Rh5 Ra1 34. Rxh7 Rxa2 35. Ke4 Rb2 36. Rh3 Ke6 37. Kd4 b6 38. Rh6+ f6 39. Rh7 $2 (39. Ke4 $11) 39... Rxb3 $19 {( -> ...c5+)} 40. Rxa7 $2 (40. c5 $19) 40... Kf5 $2 (40... c5+ 41. Ke4 f5#) 41. Rc7 (41. Ra1 $11) 41... c5+ $17 42. Kd5 Kxf4 43. h4 Rh3 (43... Rd3+ $1 $17 44. Kc6 Rc3) 44. Rf7 Kf5 45. Kc6 Rxh4 (45... Rc3 {is interesting.} 46. Kb5 Rb3+ 47. Kc6 Rb4 48. Kd5 b5) 46. Kb5 $1 Rxc4 $2 {[%mdl 8192]} (46... Ke5 $11 47. Rb7 Rh8 48. Kxb6 Rc8) 47. Kxc4 $11 {KR-K3P} Ke5 48. Rf8 f5 49. Kb5 $2 (49. Rb8 f4 50. Rxb6 f3 51. Kd3 f2 52. Ke2 Kd4 53. Rf6 Kd5 54. Kd3) 49... Ke4 $1 50. Kxb6 {KR-KPP} c4 $2 {[%mdl 8192]} (50... f4 $11) 51. Kc5 c3 52. Kb4 c2 53. Rc8 Kd3 {[#]} 54. Kb3 $1 f4 {[#]} 55. Rxc2 $2 {KR-KP} (55. Rd8+ $1 {mates} Ke2 56. Kxc2 Ke3 57. Rd3+ Ke4 58. Kd2 f3 59. Rd8 f2 60. Ke2) 55... f3 {The position is equal.} 56. Rh2 Ke3 57. Kc2 {White wants to mate with Kd1.} f2 58. Rh1 Ke2 59. Rh2 Ke1 60. Rh1+ f1=Q 61. Rxf1+ Kxf1 {Both players deserved the win here. Accuracy: White = 59%, Black = 65%.} 1/2-1/2